000 01461cam a22003138a 4500
001 17022578
003 OSt
005 20150408114146.0
008 111025s2012 mou b 001 0 eng
010 _a 2011044493
020 _a9780323083799 (pbk. : alk. paper)
035 _a(DNLM)101571756
040 _aDNLM/DLC
_cDLC
042 _apcc
060 1 0 _aWY 107
082 0 0 _a610.73
_223
_bTRN
245 0 0 _aTranscultural nursing :
_bassessment & interventions /
_c[edited by] Joyce Newman Giger.
250 _a6th ed.
260 _aSt. Louis, Mo. :
_bElsevier/Mosby,
_cc2012.
263 _a1203
300 _ap. ;
_ccm.
504 _aIncludes bibliographical references and index.
505 0 _aIntroduction to transcultural nursing -- Communication -- Space -- Social organization -- Time -- Environmental control -- Biological variations -- African-Americans -- Mexican Americans -- Navajos -- Appalachians -- American Eskimos : the Yup'ik and Inupiat -- Japanese Americans -- Afghans and Afghan Americans -- Russian Americans -- Chinese Americans -- Filipino Americans -- Vietnamese Americans -- East Indian Hindu Americans -- Haitian Americans -- Jewish Americans -- Korean Americans -- French Canadians of Quebec origin -- Puerto Rican Americans.
650 1 2 _aTranscultural Nursing.
650 2 2 _aNursing Assessment.
700 1 _aGiger, Joyce Newman.
_938619
906 _a7
_bcbc
_corignew
_d1
_eecip
_f20
_gy-gencatlg
942 _2ddc
_cBOOK
999 _c31587
_d266087